| 000 | 01042cab a2200265 4500 | ||
|---|---|---|---|
| 001 | WB3408-31 | ||
| 008 | 090401t1997 xxu||||| |||| 00| 0 eng d | ||
| 035 | _a(Sirsi) u84525 | ||
| 041 | _aeng | ||
| 245 | _aUrban renaissance | ||
| 260 | _c1997 | ||
| 350 | _a0 | ||
| 490 |
_aDETR News Release _v124/env 23 February 1998 |
||
| 490 |
_aRICS Press Release _vpr17.res 24 February 1998 |
||
| 490 |
_aFinancial Times _v24 February 1997, 10(7) |
||
| 520 | _aA series of regional planning conferences, a brownfield land development task force and the development of brownfield sites for urban villages are proposed in "Planning for the Communities of the Future" (HMSO £5.65) aimed at revitalising towns and cities whilst ensuring the protection of the countryside. RICS response. | ||
| 650 | _aBROWNFIELD SITES | ||
| 650 | _aCOUNTRYSIDE | ||
| 650 | _aPLANNING POLICY | ||
| 650 | _aTASK FORCE | ||
| 650 | _aWHITE PAPER | ||
| 690 | _aENVIRONMENTAL AND LAND CONSULTANCY-PLANNING AND DEVELOPMENT | ||
| 942 | _n0 | ||
| 948 | _c26/02/1998 | ||
| 999 |
_c53117 _d53117 |
||